alg: 39351516
001A    $01999:12-11-16 
001B    $01999:28-04-21 $t19:32:23.000 
001D    $01999:12-11-16 
001U    $0utf8 
001X    $00 
002@    $0Aox 
003@    $0393515168 
007A    $0393515168 $aHEB 
007T    $0Herdt11415 
010@    $ager 
011@    $a2000 
021A    $aDie @Stadtschreiber und ihre Rolle bei der Vereinheitlichung der Arbeitsformen der städtischen Kanzleien in Preussen 
028A    $aTandecki $dJanusz 
031A    $h117-131 $j2000 
039B    $aIn $8--Aau--. Die @Rolle der Stadtgemeinden und bürgerlichen Genossenschaften im Hanseraum in der Entwicklung und Vermittlung des gesellschaftlichen und kulturellen Gedankengutes im Spätmittelalter. - Toruń : Wydawn. Uniwersytetu Mikołaja Kopernika, 2000. - 148 S.. - Ill., Kt.. - ISBN 83-231-1136-7 $x200000000000000883 $9096406089 
045F    $a351.09 $eDDC23BSB 
045F/01 $a351.09 
045F/03 $g4382 
045F/03 $g43832 

lok: 39351516 78

exp: 39351516 78 1 #EPN
201B/01 $018-11-16 $t09:03:38.000 
201U/01 $0utf8 
203@/01 $0789625601 
208@/01 $a12-11-16 $be 
209A/01 $a/ $f000 $x00 
220C/01 $aTitelaufnehmer: uz 
244Z/01 $2Trx $#Prusy Wschodnie i Zachodnie $8--Trx--Ost- und Westpreußen $x01 $939113373X 
244Z/01 $2Trx $#kantseleid $#kanceliarijos $#Chanceries $#kancelláriák $#kancelarie $#kancelárie $#kanceláře $8--Trx--Kanzleien $x02 $9391360841 
244Z/01 $2Trx $#linnakirjutaja $#miestų raštininkai $#town scribes $#városi író $#pisarze miejscy $#pisári mestskí $#písaři městští $#city scribes $8--Trx--Stadtschreiber $x03 $9391379305 
244Z/01 $2Trx $8--Trx--Einzelbeiträge $x04 $9391384570 
245Z/01 $a07.01 $x01 
247C/01 $82080>Marburg/Lahn, Herder-Institut, Forschungsbibliothek, Bibliographieportal $9336309341
LEADER 00000caa a22000002c 4500
001 393515168
003 DE-603
005 20210428193223.0
007 tu
008 161112s2000 xx |||| | u00||u|ger c
035 |a (DE-599)HEB393515168 
040 |a DE-603  |b ger  |c DE-603  |d DE-603 
041 |a ger 
082 0 4 |8 1\u  |a 351.09  |q DE-101  |2 23/BSB 
085 |8 1\u  |b 351.09 
085 |8 1\u  |z 2  |s 4382 
085 |8 1\u  |z 2  |s 43832 
100 1 |a Tandecki, Janusz 
245 0 0 |a ˜Dieœ Stadtschreiber und ihre Rolle bei der Vereinheitlichung der Arbeitsformen der städtischen Kanzleien in Preussen 
264 0 |c 2000 
773 0 8 |i In  |t ˜Dieœ Rolle der Stadtgemeinden und bürgerlichen Genossenschaften im Hanseraum in der Entwicklung und Vermittlung des gesellschaftlichen und kulturellen Gedankengutes im Spätmittelalter  |d Toruń : Wydawn. Uniwersytetu Mikołaja Kopernika, 2000  |h 148 S., Ill., Kt.  |z 8323111367  |g (2000), Seite 117-131  |w (DE-603)096406089 
924 0 |9 2080  |a (DE-603)789625601  |b DE-2080  |c HES  |d d  |g /